| 000 | 01340pam a2200241 4500 | ||
|---|---|---|---|
| 001 | 8036 | ||
| 005 | 20181127184934.0 | ||
| 010 | _a 89035034 | ||
| 020 |
_a0385095678 : _c$8.95 ($10.95 Can.) |
||
| 082 | 0 | 0 |
_a291.1/3/093 _220 |
| 100 |
_aKramer, Samuel Noah. _b _c _d _e _q |
||
| 245 | 0 | 0 |
_aMythologies of the ancient world / _cedited and with an introduction by Samuel Noah Kramer ; with contributions by Rudolf Anthes ... [et al.]. |
| 260 |
_aNew York : _bAnchor Books, _c1989, c1961. |
||
| 300 |
_a480 p. ; _c21 cm. |
||
| 500 | _aIncludes index. | ||
| 500 | _aReprint. Originally published: Garden City, N.Y. : Doubleday, 1961. | ||
| 504 | _aBibliography: p. [470]-472. | ||
| 505 |
_aCONTENTS: Introduction, Samuel Noah Kramer -- Mythology in ancient Egypt, Rudolf Anthes -- Mythology of Sumer and Akkad, Samuel Noah Kramer -- Hittite mythology, Hans G. Güterbock -- Canaanite mythology, Cyrus H. Gordon -- Mythology of ancient Greece, Michael H. Jameson -- Mythology of India, W. Norman Brown -- Mythology of ancient Iran, M.J. Dresden - - Myths of ancient China, Derk Bodde -- Japanese mythology, E. Dale Saunders -- Mythology of ancient Mexico, Miguel León-Portilla. _g _r _t |
||
| 650 | 0 | _aMythology. | |
| 700 | 1 | _aAnthes, Rudolf. | |
| 700 | 1 |
_aKramer, Samuel Noah, _d1897-1990. |
|
| 999 |
_c6918 _d6918 |
||